Ropa.
Saved in:
| Hovedforfatter: | |
|---|---|
| Format: | Ukendt |
| Udgivet: |
Chile:
Ediciones Libros del Cardo E.I.R.L,
2022.
|
| Udgivelse: | Primera edición. |
| Fag: | |
| Tags: |
Tilføj Tag
Ingen Tags, Vær først til at tagge denne postø!
|
MARC
| LEADER | 00000 a2200000 4500 | ||
|---|---|---|---|
| 003 | CL-VaPUC | ||
| 005 | 20240418101534.0 | ||
| 008 | 240416t2022 ||||| |||| 00| 0 eng d | ||
| 999 | |c 443118 |d 443116 | ||
| 020 | |a 978-956- 9510-94-6. | ||
| 040 | |c Pontificia Universidad Católica de Valparaíso | ||
| 082 | 7 | |a Ch861 ARM 2022 |2 22 | |
| 100 | |a Armijo Otárola, Diego |9 887557 |e autor | ||
| 245 | |a Ropa. | ||
| 250 | |a Primera edición. | ||
| 260 | |a Chile: |b Ediciones Libros del Cardo E.I.R.L, |c 2022. | ||
| 300 | |a 48 páginas. | ||
| 583 | |k GC |c 20240416 | ||
| 650 | 0 | |a Prosa poética chilena |9 315882 | |
| 942 | |2 ddc |c BK | ||
| 952 | |0 0 |1 0 |2 ddc |4 0 |6 CH_861_000000000000000_ARM_2022 |7 0 |8 A |9 594053 |a BIBCUR |b BIBCUR |d 2024-04-15 |e 13 |g 12000.00 |i 5660687 |l 2 |m 1 |o Ch861 ARM 2022 |p 5660687 |r 2025-04-22 |s 2024-05-20 |t 1 |v 12000.00 |w 2024-04-15 |y BK |k PER | ||
| 952 | |0 0 |1 0 |2 ddc |4 0 |6 CH_861_000000000000000_ARM_2022 |7 0 |8 A |9 594054 |a BIBCUR |b BIBCUR |d 2024-04-15 |e 13 |g 12000.00 |i 5660689 |l 4 |o Ch861 ARM 2022 |p 5660689 |r 2025-04-22 |s 2024-06-07 |t 3 |v 12000.00 |w 2024-04-15 |y BK |k PER | ||
| 952 | |0 0 |1 0 |2 ddc |4 0 |6 CH_861_000000000000000_ARM_2022 |7 0 |8 A |9 594055 |a BIBCUR |b BIBCUR |d 2024-04-15 |e 13 |g 12000.00 |i 5660688 |l 1 |m 1 |o Ch861 ARM 2022 |p 5660688 |r 2025-04-23 |s 2025-04-10 |t 2 |v 12000.00 |w 2024-04-15 |y BK |k PER | ||